| 000 | 00509nam a2200181Ia 4500 | ||
|---|---|---|---|
| 008 | 240729s9999 xx 000 0 und d | ||
| 022 | _a1687-7071 | ||
| 245 | 0 | _aCurrent Gerontology and Geriatrics Research | |
| 260 | _aUnited Kingdom | ||
| 260 | _bHindawi Limited | ||
| 650 | _a Geriatrics | ||
| 650 | _a Internal medicine | ||
| 650 | _a Special situations and conditions | ||
| 650 | _aMedicine | ||
| 856 | _uhttps://doaj.org/toc/0391eafddabc4b65abda52d7664ddc29 | ||
| 942 | _2ddc | ||
| 942 | _cDOAJEJ | ||
| 999 |
_c71582 _d71582 |
||
| 945 |
_a1 _bMadushi Gamage _c1 _dMadushi Gamage |
||